[Event "Deutsche Ländermeisterschaft 2023"]
[Site "Hannover GER"]
[Date "2023.10.03"]
[Round "4"]
[White "Mehner, Clara"]
[Black "Rössling, Laura Marie"]
[Result "1-0"]
[Termination "normal"]
[Board "3.8"]
[WhiteElo "1339"]
[BlackElo "1285"]
[WhiteClock "00:11:27"]
[BlackClock "00:57:00"]
[WhiteTeam "Sachsen"]
[BlackTeam "Sachsen-Anhalt"]
[PlyCount "75"]
[WhiteFideId "34612165"]
[BlackFideId "16289471"]
[EventCountry "GER"]
[EventRounds "7"]
[EventType "team-swiss"]
[EventDate "2023.09.30"]

1. e4 {[%clk 01:30:59]} e5 {[%clk 01:30:52]} {[%emt 00:00:09]} 2. Nf3 {[%clk
01:31:22]} {[%emt 00:00:06]} Nc6 {[%clk 01:31:09]} {[%emt 00:00:12]} 3. d4
{[%clk 01:31:46]} {[%emt 00:00:07]} exd4 {[%clk 01:31:20]} {[%emt 00:00:19]} 4.
Bc4 {[%clk 01:32:08]} {[%emt 00:00:08]} Bc5 {[%clk 01:31:29]} {[%emt 00:00:20]}
5. c3 {[%clk 01:32:18]} {[%emt 00:00:20]} Nf6 {[%clk 01:31:23]} {[%emt
00:00:35]} 6. e5 {[%clk 01:29:59]} {[%emt 00:02:51]} d5 {[%clk 01:31:31]}
{[%emt 00:00:21]} 7. exf6 {[%clk 01:27:15]} {[%emt 00:03:15]} dxc4 {[%clk
01:30:47]} {[%emt 00:01:14]} 8. Qe2+ {[%clk 01:20:28]} {[%emt 00:07:17]} Be6
{[%clk 01:27:14]} {[%emt 00:04:00]} 9. fxg7 {[%clk 01:18:05]} {[%emt 00:02:55]}
Rg8 {[%clk 01:26:28]} {[%emt 00:01:14]} 10. Bg5 {[%clk 01:17:15]} {[%emt
00:01:21]} Be7 {[%clk 01:21:43]} {[%emt 00:05:10]} 11. Bxe7 {[%clk 01:12:23]}
{[%emt 00:05:28]} Qxe7 {[%clk 01:21:16]} {[%emt 00:00:57]} 12. Nxd4 {[%clk
01:03:38]} {[%emt 00:09:16]} Nxd4 {[%clk 01:19:37]} {[%emt 00:02:08]} 13. cxd4
{[%clk 01:03:56]} {[%emt 00:00:11]} Qd7 {[%clk 01:19:33]} {[%emt 00:00:35]} 14.
Qe3 {[%clk 00:43:07]} {[%emt 00:21:19]} O-O-O {[%clk 01:14:24]} {[%emt
00:05:40]} 15. Nc3 {[%clk 00:31:42]} {[%emt 00:11:54]} Qxd4 {[%clk 01:13:01]}
{[%emt 00:01:53]} 16. Qxd4 {[%clk 00:31:47]} {[%emt 00:00:25]} Rxd4 {[%clk
01:13:22]} {[%emt 00:00:09]} 17. Ke2 {[%clk 00:24:33]} {[%emt 00:07:43]} c6
{[%clk 01:11:11]} {[%emt 00:02:41]} 18. f3 {[%clk 00:23:15]} {[%emt 00:01:48]}
Rxg7 {[%clk 01:10:16]} {[%emt 00:01:24]} 19. g3 {[%clk 00:21:41]} {[%emt
00:02:05]} f5 {[%clk 01:09:07]} {[%emt 00:01:38]} 20. Ke3 {[%clk 00:20:18]}
{[%emt 00:01:54]} Rgd7 {[%clk 01:07:34]} {[%emt 00:01:56]} 21. Rad1 {[%clk
00:19:19]} {[%emt 00:01:35]} Rxd1 {[%clk 01:05:26]} {[%emt 00:02:38]} 22. Rxd1
{[%clk 00:19:41]} {[%emt 00:00:09]} Rxd1 {[%clk 01:05:50]} {[%emt 00:00:06]}
23. Nxd1 {[%clk 00:20:04]} {[%emt 00:00:07]} Kd7 {[%clk 01:06:01]} {[%emt
00:00:19]} 24. Kf4 {[%clk 00:18:47]} {[%emt 00:01:46]} h6 {[%clk 01:03:04]}
{[%emt 00:03:24]} 25. Ne3 {[%clk 00:18:01]} {[%emt 00:01:20]} b5 {[%clk
01:02:26]} {[%emt 00:01:08]} 26. Nxf5 {[%clk 00:16:59]} {[%emt 00:01:32]} Bxf5
{[%clk 01:02:36]} {[%emt 00:00:21]} 27. Kxf5 {[%clk 00:17:22]} {[%emt
00:00:07]} Kd6 {[%clk 01:03:01]} {[%emt 00:00:05]} 28. Ke4 {[%clk 00:15:37]}
{[%emt 00:02:14]} Kc5 {[%clk 01:03:17]} {[%emt 00:00:14]} 29. g4 {[%clk
00:13:31]} {[%emt 00:02:36]} Kb4 {[%clk 01:01:22]} {[%emt 00:02:26]} 30. f4
{[%clk 00:12:25]} {[%emt 00:01:36]} c3 {[%clk 00:59:29]} {[%emt 00:02:23]} 31.
bxc3+ {[%clk 00:12:42]} {[%emt 00:00:14]} Kxc3 {[%clk 00:59:12]} {[%emt
00:00:46]} 32. f5 {[%clk 00:12:40]} {[%emt 00:00:32]} Kb2 {[%clk 00:59:19]}
{[%emt 00:00:23]} 33. f6 {[%clk 00:12:52]} {[%emt 00:00:18]} Kxa2 {[%clk
00:59:36]} {[%emt 00:00:13]} 34. f7 {[%clk 00:12:58]} {[%emt 00:00:24]} b4
{[%clk 00:59:51]} {[%emt 00:00:14]} 35. f8=Q {[%clk 00:13:14]} {[%emt
00:00:13]} b3 {[%clk 01:00:06]} {[%emt 00:00:16]} 36. Qf7 {[%clk 00:12:16]}
{[%emt 00:01:27]} a5 {[%clk 00:59:39]} {[%emt 00:00:54]} 37. Qc4 {[%clk
00:12:18]} {[%emt 00:00:31]} c5 {[%clk 00:57:00]} {[%emt 00:03:10]} 38. Kd3
{[%clk 00:11:27]} {[%emt 00:01:20]} 1-0

[Event "Deutsche Ländermeisterschaft 2023"]
[Site "Hannover GER"]
[Date "2023.10.03"]
[Round "4"]
[White "Dauner, Benedikt"]
[Black "Farokhi, Keyvan"]
[Result "1-0"]
[Termination "normal"]
[Board "4.1"]
[WhiteTitle "FM"]
[BlackTitle "FM"]
[WhiteElo "2385"]
[BlackElo "2266"]
[WhiteClock "00:09:26"]
[BlackClock "00:12:13"]
[WhiteTeam "Baden"]
[BlackTeam "Schleswig-Holstein"]
[PlyCount "120"]
[WhiteFideId "16225899"]
[BlackFideId "12998630"]
[EventCountry "GER"]
[EventRounds "7"]
[EventType "team-swiss"]
[EventDate "2023.09.30"]

1. e4 {[%clk 01:30:55]} {[%emt 00:00:04]} c6 {[%clk 01:30:52]} {[%emt
00:00:09]} 2. d4 {[%clk 01:31:05]} {[%emt 00:00:19]} d5 {[%clk 01:31:17]}
{[%emt 00:00:05]} 3. e5 {[%clk 01:31:06]} {[%emt 00:00:29]} c5 {[%clk
01:31:41]} {[%emt 00:00:05]} 4. c4 {[%clk 01:30:25]} {[%emt 00:01:12]} e6
{[%clk 01:26:20]} {[%emt 00:05:51]} 5. Nf3 {[%clk 01:28:06]} {[%emt 00:02:49]}
cxd4 {[%clk 01:26:24]} {[%emt 00:00:26]} 6. Nxd4 {[%clk 01:27:49]} {[%emt
00:00:47]} Nc6 {[%clk 01:26:43]} {[%emt 00:00:11]} 7. Nc3 {[%clk 01:27:40]}
{[%emt 00:00:39]} Bc5 {[%clk 01:27:05]} {[%emt 00:00:08]} 8. Nxc6 {[%clk
01:27:34]} {[%emt 00:00:36]} bxc6 {[%clk 01:27:32]} {[%emt 00:00:03]} 9. Qg4
{[%clk 01:27:52]} {[%emt 00:00:13]} Kf8 {[%clk 01:20:34]} {[%emt 00:07:27]} 10.
Bd3 {[%clk 01:20:48]} {[%emt 00:07:34]} f6 {[%clk 00:56:39]} {[%emt 00:24:25]}
11. Bf4 {[%clk 01:00:27]} {[%emt 00:20:51]} dxc4 {[%clk 00:50:46]} {[%emt
00:06:22]} 12. Be2 {[%clk 01:00:25]} {[%emt 00:00:34]} f5 {[%clk 00:45:37]}
{[%emt 00:05:38]} 13. Qg3 {[%clk 00:52:18]} {[%emt 00:08:38]} Ne7 {[%clk
00:41:04]} {[%emt 00:05:02]} 14. O-O {[%clk 00:50:17]} {[%emt 00:02:33]} Nd5
{[%clk 00:40:58]} {[%emt 00:00:34]} 15. Bxc4 {[%clk 00:48:30]} {[%emt
00:02:17]} Nxf4 {[%clk 00:37:20]} {[%emt 00:04:08]} 16. Qxf4 {[%clk 00:48:54]}
{[%emt 00:00:08]} Qd4 {[%clk 00:37:36]} {[%emt 00:00:12]} 17. Qxd4 {[%clk
00:43:50]} {[%emt 00:05:35]} Bxd4 {[%clk 00:38:04]} {[%emt 00:00:03]} 18. Rad1
{[%clk 00:42:13]} {[%emt 00:02:06]} Bb6 {[%clk 00:38:01]} {[%emt 00:00:32]} 19.
Rd6 {[%clk 00:32:32]} {[%emt 00:10:12]} Ke7 {[%clk 00:36:48]} {[%emt 00:01:42]}
20. Rfd1 {[%clk 00:31:48]} {[%emt 00:01:15]} Bc7 {[%clk 00:32:21]} {[%emt
00:04:55]} 21. Rxc6 {[%clk 00:26:45]} {[%emt 00:05:34]} Bxe5 {[%clk 00:32:02]}
{[%emt 00:00:48]} 22. Re1 {[%clk 00:24:18]} {[%emt 00:02:58]} Bxc3 {[%clk
00:28:11]} {[%emt 00:04:22]} 23. bxc3 {[%clk 00:24:22]} {[%emt 00:00:26]} Bd7
{[%clk 00:27:47]} {[%emt 00:00:53]} 24. Ra6 {[%clk 00:24:08]} {[%emt 00:00:44]}
Bc8 {[%clk 00:27:40]} {[%emt 00:00:36]} 25. Rc6 {[%clk 00:21:00]} {[%emt
00:03:40]} Bd7 {[%clk 00:28:01]} {[%emt 00:00:09]} 26. Rc7 {[%clk 00:01:29]}
{[%emt 00:20:02]} Rhc8 {[%clk 00:23:40]} {[%emt 00:04:51]} 27. Rxd7+ {[%clk
00:01:53]} {[%emt 00:00:07]} Kxd7 {[%clk 00:24:08]} {[%emt 00:00:01]} 28. Bxe6+
{[%clk 00:02:16]} {[%emt 00:00:07]} Kd6 {[%clk 00:24:32]} {[%emt 00:00:06]} 29.
Bxc8 {[%clk 00:02:43]} {[%emt 00:00:04]} Rxc8 {[%clk 00:24:59]} {[%emt
00:00:03]} 30. Rd1+ {[%clk 00:03:04]} {[%emt 00:00:09]} Ke6 {[%clk 00:24:29]}
{[%emt 00:01:00]} 31. Rd3 {[%clk 00:02:48]} {[%emt 00:00:45]} Rc4 {[%clk
00:23:17]} {[%emt 00:01:39]} 32. Kf1 {[%clk 00:02:40]} {[%emt 00:00:41]} Ra4
{[%clk 00:23:05]} {[%emt 00:00:41]} 33. Rd2 {[%clk 00:03:00]} {[%emt 00:00:11]}
Ra3 {[%clk 00:23:24]} {[%emt 00:00:10]} 34. Rc2 {[%clk 00:03:03]} {[%emt
00:00:29]} Kd5 {[%clk 00:23:46]} {[%emt 00:00:08]} 35. Ke2 {[%clk 00:03:27]}
{[%emt 00:00:06]} Kc4 {[%clk 00:24:01]} {[%emt 00:00:13]} 36. Kd2 {[%clk
00:03:44]} {[%emt 00:00:14]} g6 {[%clk 00:23:11]} {[%emt 00:01:19]} 37. g3
{[%clk 00:02:31]} {[%emt 00:01:45]} a6 {[%clk 00:22:01]} {[%emt 00:01:38]} 38.
h3 {[%clk 00:02:34]} {[%emt 00:00:28]} g5 {[%clk 00:21:26]} {[%emt 00:01:05]}
39. h4 {[%clk 00:01:29]} {[%emt 00:01:36]} gxh4 {[%clk 00:21:13]} {[%emt
00:00:43]} 40. gxh4 {[%clk 00:01:54]} {[%emt 00:00:05]} a5 {[%clk 00:18:52]}
{[%emt 00:02:50]} 41. h5 {[%clk 00:17:01]} {[%emt 00:15:23]} h6 {[%clk
00:45:46]} {[%emt 00:03:35]} 42. Ke3 {[%clk 00:16:12]} {[%emt 00:01:20]} Ra4
{[%clk 00:45:00]} {[%emt 00:01:15]} 43. Ke2 {[%clk 00:09:39]} {[%emt 00:07:04]}
Ra3 {[%clk 00:42:33]} {[%emt 00:02:56]} 44. Kf3 {[%clk 00:09:18]} {[%emt
00:00:51]} Ra4 {[%clk 00:41:50]} {[%emt 00:01:13]} 45. Ke3 {[%clk 00:08:41]}
{[%emt 00:01:08]} Ra3 {[%clk 00:36:45]} {[%emt 00:05:34]} 46. Kf4 {[%clk
00:06:35]} {[%emt 00:02:37]} Kd3 {[%clk 00:35:28]} {[%emt 00:01:46]} 47. Rb2
{[%clk 00:06:55]} {[%emt 00:00:11]} Kxc3 {[%clk 00:18:54]} {[%emt 00:17:03]}
48. Re2 {[%clk 00:07:20]} {[%emt 00:00:06]} Ra4+ {[%clk 00:19:06]} {[%emt
00:00:18]} 49. Kxf5 {[%clk 00:07:43]} {[%emt 00:00:08]} Kd3 {[%clk 00:19:02]}
{[%emt 00:00:32]} 50. Re3+ {[%clk 00:07:40]} {[%emt 00:00:35]} Kd2 {[%clk
00:18:12]} {[%emt 00:01:18]} 51. a3 {[%clk 00:08:03]} {[%emt 00:00:07]} Rh4
{[%clk 00:15:32]} {[%emt 00:03:11]} 52. Kg6 {[%clk 00:08:18]} {[%emt 00:00:15]}
Rf4 {[%clk 00:14:27]} {[%emt 00:01:35]} 53. Kxh6 {[%clk 00:08:28]} {[%emt
00:00:20]} Rxf2 {[%clk 00:13:30]} {[%emt 00:01:26]} 54. Rg3 {[%clk 00:07:51]}
{[%emt 00:01:08]} Kc2 {[%clk 00:11:15]} {[%emt 00:02:45]} 55. Kg7 {[%clk
00:08:02]} {[%emt 00:00:18]} Kb2 {[%clk 00:11:14]} {[%emt 00:00:30]} 56. h6
{[%clk 00:08:23]} {[%emt 00:00:11]} Rc2 {[%clk 00:11:12]} {[%emt 00:00:31]} 57.
h7 {[%clk 00:08:46]} {[%emt 00:00:08]} Rc7+ {[%clk 00:11:38]} {[%emt 00:00:04]}
58. Kh6 {[%clk 00:09:04]} {[%emt 00:00:12]} Rc8 {[%clk 00:11:27]} {[%emt
00:00:40]} 59. Rg8 {[%clk 00:09:23]} {[%emt 00:00:12]} Rc6+ {[%clk 00:11:47]}
{[%emt 00:00:09]} 60. Kg5 {[%clk 00:09:26]} {[%emt 00:00:28]} Rc5+ {[%clk
00:12:13]} {[%emt 00:00:04]} *

[Event "Deutsche Ländermeisterschaft 2023"]
[Site "Hannover GER"]
[Date "2023.10.03"]
[Round "4"]
[White "Malinowsky, Levi"]
[Black "Nied, Pascal"]
[Result "1-0"]
[Termination "normal"]
[Board "4.2"]
[WhiteElo "2151"]
[BlackElo "2156"]
[WhiteClock "00:33:20"]
[BlackClock "00:05:23"]
[WhiteTeam "Schleswig-Holstein"]
[BlackTeam "Baden"]
[PlyCount "105"]
[WhiteFideId "16253094"]
[BlackFideId "16260597"]
[EventCountry "GER"]
[EventRounds "7"]
[EventType "team-swiss"]
[EventDate "2023.09.30"]

1. e4 {[%clk 01:30:54]} {[%emt 00:00:04]} e6 {[%clk 01:30:55]} {[%emt
00:00:05]} 2. d4 {[%clk 01:31:06]} {[%emt 00:00:18]} d5 {[%clk 01:31:22]}
{[%emt 00:00:04]} 3. Nc3 {[%clk 01:31:25]} {[%emt 00:00:12]} Nf6 {[%clk
01:31:36]} {[%emt 00:00:16]} 4. e5 {[%clk 01:31:31]} {[%emt 00:00:24]} Nfd7
{[%clk 01:32:01]} {[%emt 00:00:05]} 5. f4 {[%clk 01:31:37]} {[%emt 00:00:25]}
c5 {[%clk 01:32:26]} {[%emt 00:00:05]} 6. Nf3 {[%clk 01:31:42]} {[%emt
00:00:24]} Nc6 {[%clk 01:32:51]} {[%emt 00:00:05]} 7. Be3 {[%clk 01:31:51]}
{[%emt 00:00:20]} a6 {[%clk 01:33:14]} {[%emt 00:00:08]} 8. Qd2 {[%clk
01:30:05]} {[%emt 00:02:16]} b5 {[%clk 01:33:24]} {[%emt 00:00:20]} 9. dxc5
{[%clk 01:29:08]} {[%emt 00:01:28]} Bxc5 {[%clk 01:33:46]} {[%emt 00:00:07]}
10. Bxc5 {[%clk 01:28:40]} {[%emt 00:00:58]} Nxc5 {[%clk 01:34:10]} {[%emt
00:00:06]} 11. Bd3 {[%clk 01:24:19]} {[%emt 00:04:52]} Qb6 {[%clk 01:31:30]}
{[%emt 00:03:10]} 12. Qf2 {[%clk 01:20:23]} {[%emt 00:04:26]} b4 {[%clk
01:03:47]} {[%emt 00:28:13]} 13. Ne2 {[%clk 01:19:30]} {[%emt 00:01:23]} a5
{[%clk 01:01:57]} {[%emt 00:02:20]} 14. O-O {[%clk 01:12:16]} {[%emt 00:07:43]}
Ba6 {[%clk 01:00:52]} {[%emt 00:01:35]} 15. Rad1 {[%clk 01:10:31]} {[%emt
00:02:15]} Na4 {[%clk 00:51:21]} {[%emt 00:10:01]} 16. Qxb6 {[%clk 01:06:00]}
{[%emt 00:05:02]} Nxb6 {[%clk 00:51:47]} {[%emt 00:00:03]} 17. b3 {[%clk
01:05:41]} {[%emt 00:00:50]} Nd7 {[%clk 00:37:52]} {[%emt 00:14:25]} 18. Kf2
{[%clk 01:01:09]} {[%emt 00:05:02]} Nc5 {[%clk 00:30:40]} {[%emt 00:07:42]} 19.
Ke3 {[%clk 00:59:47]} {[%emt 00:01:53]} O-O {[%clk 00:24:16]} {[%emt 00:06:53]}
20. f5 {[%clk 00:52:19]} {[%emt 00:07:59]} f6 {[%clk 00:16:01]} {[%emt
00:08:44]} 21. Bxa6 {[%clk 00:48:32]} {[%emt 00:04:17]} Rxa6 {[%clk 00:16:05]}
{[%emt 00:00:26]} 22. fxe6 {[%clk 00:47:15]} {[%emt 00:01:48]} fxe5 {[%clk
00:15:34]} {[%emt 00:01:00]} 23. Rxd5 {[%clk 00:46:31]} {[%emt 00:01:15]} Nxe6
{[%clk 00:15:03]} {[%emt 00:01:01]} 24. Rfd1 {[%clk 00:41:11]} {[%emt
00:05:49]} Nf4 {[%clk 00:09:02]} {[%emt 00:06:31]} 25. Nxf4 {[%clk 00:41:16]}
{[%emt 00:00:25]} exf4+ {[%clk 00:09:31]} {[%emt 00:00:02]} 26. Kf2 {[%clk
00:39:54]} {[%emt 00:01:51]} Ne7 {[%clk 00:09:27]} {[%emt 00:00:33]} 27. Rc5
{[%clk 00:38:16]} {[%emt 00:02:10]} Rc6 {[%clk 00:04:33]} {[%emt 00:05:24]} 28.
Rxc6 {[%clk 00:37:13]} {[%emt 00:01:32]} Nxc6 {[%clk 00:05:01]} {[%emt
00:00:02]} 29. Rd5 {[%clk 00:33:15]} {[%emt 00:04:28]} h6 {[%clk 00:02:20]}
{[%emt 00:03:11]} 30. Nd2 {[%clk 00:31:00]} {[%emt 00:02:45]} Ra8 {[%clk
00:00:51]} {[%emt 00:01:59]} 31. Nc4 {[%clk 00:30:35]} {[%emt 00:00:55]} a4
{[%clk 00:01:03]} {[%emt 00:00:18]} 32. Rd6 {[%clk 00:28:47]} {[%emt 00:02:17]}
axb3 {[%clk 00:01:06]} {[%emt 00:00:27]} 33. axb3 {[%clk 00:28:41]} {[%emt
00:00:36]} Ne7 {[%clk 00:00:52]} {[%emt 00:00:44]} 34. Kf3 {[%clk 00:24:02]}
{[%emt 00:05:09]} Nf5 {[%clk 00:01:02]} {[%emt 00:00:21]} 35. Rd2 {[%clk
00:23:06]} {[%emt 00:01:27]} Rf8 {[%clk 00:00:33]} {[%emt 00:00:59]} 36. Kxf4
{[%clk 00:22:02]} {[%emt 00:01:34]} Nd6+ {[%clk 00:00:41]} {[%emt 00:00:22]}
37. Ke5 {[%clk 00:21:29]} {[%emt 00:01:03]} Nxc4+ {[%clk 00:00:59]} {[%emt
00:00:11]} 38. bxc4 {[%clk 00:21:53]} {[%emt 00:00:07]} Re8+ {[%clk 00:01:26]}
{[%emt 00:00:03]} 39. Kd4 {[%clk 00:21:40]} {[%emt 00:00:43]} Rd8+ {[%clk
00:01:51]} {[%emt 00:00:05]} 40. Ke3 {[%clk 00:22:04]} {[%emt 00:00:06]} Re8+
{[%clk 00:02:18]} {[%emt 00:00:02]} 41. Kf3 {[%clk 00:21:40]} {[%emt 00:00:54]}
Rf8+ {[%clk 00:23:18]} {[%emt 00:09:32]} 42. Ke2 {[%clk 00:50:00]} {[%emt
00:02:09]} Re8+ {[%clk 00:19:21]} {[%emt 00:04:27]} 43. Kf3 {[%clk 00:47:07]}
{[%emt 00:03:22]} Rf8+ {[%clk 00:19:32]} {[%emt 00:00:20]} 44. Ke4 {[%clk
00:47:15]} {[%emt 00:00:22]} Re8+ {[%clk 00:19:34]} {[%emt 00:00:29]} 45. Kf5
{[%clk 00:46:31]} {[%emt 00:01:14]} Re3 {[%clk 00:19:51]} {[%emt 00:00:11]} 46.
Rd8+ {[%clk 00:43:38]} {[%emt 00:03:24]} Kf7 {[%clk 00:14:14]} {[%emt
00:06:06]} 47. Rd7+ {[%clk 00:41:40]} {[%emt 00:02:28]} Kf8 {[%clk 00:14:36]}
{[%emt 00:00:07]} 48. c5 {[%clk 00:37:40]} {[%emt 00:04:31]} g6+ {[%clk
00:05:41]} {[%emt 00:09:25]} 49. Kxg6 {[%clk 00:34:51]} {[%emt 00:03:20]} Rc3
{[%clk 00:06:09]} {[%emt 00:00:02]} 50. Rd2 {[%clk 00:34:51]} {[%emt 00:00:31]}
Ke7 {[%clk 00:04:55]} {[%emt 00:01:44]} 51. Re2+ {[%clk 00:34:36]} {[%emt
00:00:44]} Kd7 {[%clk 00:05:20]} {[%emt 00:00:05]} 52. Kxh6 {[%clk 00:34:43]}
{[%emt 00:00:24]} Rxc5 {[%clk 00:05:23]} {[%emt 00:00:28]} 53. g4 {[%clk
00:33:20]} {[%emt 00:01:52]} 1-0

[Event "Deutsche Ländermeisterschaft 2023"]
[Site "Hannover GER"]
[Date "2023.10.03"]
[Round "4"]
[White "Hecht, Jonas Christian"]
[Black "Guo, Philipp Ziming"]
[Result "0-1"]
[Termination "normal"]
[Board "4.3"]
[WhiteElo "1999"]
[BlackElo "1985"]
[WhiteClock "00:05:35"]
[BlackClock "00:10:32"]
[WhiteTeam "Baden"]
[BlackTeam "Schleswig-Holstein"]
[PlyCount "109"]
[WhiteFideId "16214846"]
[BlackFideId "16245199"]
[EventCountry "GER"]
[EventRounds "7"]
[EventType "team-swiss"]
[EventDate "2023.09.30"]

1. e4 {[%clk 01:30:58]} {[%emt 00:00:02]} c5 {[%clk 01:30:52]} {[%emt
00:00:08]} 2. Nf3 {[%clk 01:31:24]} {[%emt 00:00:05]} d6 {[%clk 01:31:16]}
{[%emt 00:00:05]} 3. d4 {[%clk 01:31:50]} {[%emt 00:00:04]} cxd4 {[%clk
01:31:41]} {[%emt 00:00:05]} 4. Nxd4 {[%clk 01:32:15]} {[%emt 00:00:06]} Nf6
{[%clk 01:31:50]} {[%emt 00:00:20]} 5. Nc3 {[%clk 01:32:37]} {[%emt 00:00:08]}
a6 {[%clk 01:32:12]} {[%emt 00:00:07]} 6. Be2 {[%clk 01:32:21]} {[%emt
00:00:47]} e5 {[%clk 01:32:21]} {[%emt 00:00:20]} 7. Nb3 {[%clk 01:32:46]}
{[%emt 00:00:06]} Be6 {[%clk 01:32:39]} {[%emt 00:00:11]} 8. O-O {[%clk
01:33:00]} {[%emt 00:00:16]} Be7 {[%clk 01:32:55]} {[%emt 00:00:14]} 9. Re1
{[%clk 01:32:29]} {[%emt 00:01:02]} O-O {[%clk 01:30:15]} {[%emt 00:03:09]} 10.
Bf3 {[%clk 01:32:19]} {[%emt 00:00:40]} b5 {[%clk 01:26:34]} {[%emt 00:04:10]}
11. Be3 {[%clk 01:30:25]} {[%emt 00:02:25]} Nbd7 {[%clk 01:24:26]} {[%emt
00:02:37]} 12. Qd2 {[%clk 01:25:02]} {[%emt 00:05:53]} Qc7 {[%clk 01:14:40]}
{[%emt 00:10:16]} 13. Rec1 {[%clk 01:22:06]} {[%emt 00:03:27]} Nb6 {[%clk
01:02:56]} {[%emt 00:12:14]} 14. Bxb6 {[%clk 01:17:39]} {[%emt 00:04:57]} Qxb6
{[%clk 01:03:19]} {[%emt 00:00:06]} 15. Nd5 {[%clk 01:16:32]} {[%emt 00:01:37]}
Bxd5 {[%clk 00:58:40]} {[%emt 00:05:09]} 16. exd5 {[%clk 01:16:56]} {[%emt
00:00:06]} a5 {[%clk 00:56:29]} {[%emt 00:02:40]} 17. Qd3 {[%clk 01:13:17]}
{[%emt 00:04:10]} Nd7 {[%clk 00:52:19]} {[%emt 00:04:40]} 18. a4 {[%clk
01:06:20]} {[%emt 00:07:27]} b4 {[%clk 00:46:51]} {[%emt 00:05:57]} 19. c3
{[%clk 00:47:53]} {[%emt 00:18:58]} Nc5 {[%clk 00:32:03]} {[%emt 00:15:17]} 20.
Nxc5 {[%clk 00:44:24]} {[%emt 00:03:59]} Qxc5 {[%clk 00:32:23]} {[%emt
00:00:07]} 21. cxb4 {[%clk 00:44:33]} {[%emt 00:00:25]} Qxb4 {[%clk 00:32:43]}
{[%emt 00:00:09]} 22. b3 {[%clk 00:35:33]} {[%emt 00:09:30]} Rab8 {[%clk
00:29:46]} {[%emt 00:03:27]} 23. Rab1 {[%clk 00:32:26]} {[%emt 00:03:37]} Bg5
{[%clk 00:19:43]} {[%emt 00:10:32]} 24. Rc4 {[%clk 00:29:04]} {[%emt 00:03:53]}
Qd2 {[%clk 00:20:03]} {[%emt 00:00:10]} 25. Qxd2 {[%clk 00:27:12]} {[%emt
00:02:22]} Bxd2 {[%clk 00:20:06]} {[%emt 00:00:26]} 26. Be2 {[%clk 00:19:04]}
{[%emt 00:08:37]} Bb4 {[%clk 00:17:10]} {[%emt 00:03:27]} 27. Rc2 {[%clk
00:16:09]} {[%emt 00:03:25]} g6 {[%clk 00:13:37]} {[%emt 00:04:04]} 28. Bb5
{[%clk 00:15:45]} {[%emt 00:00:54]} Rb7 {[%clk 00:12:05]} {[%emt 00:02:00]} 29.
Rc4 {[%clk 00:11:04]} {[%emt 00:05:13]} Rfb8 {[%clk 00:08:24]} {[%emt
00:04:10]} 30. Bc6 {[%clk 00:07:27]} {[%emt 00:04:08]} Rc7 {[%clk 00:07:03]}
{[%emt 00:01:47]} 31. Bb5 {[%clk 00:06:55]} {[%emt 00:01:06]} Rxc4 {[%clk
00:03:21]} {[%emt 00:04:13]} 32. bxc4 {[%clk 00:05:22]} {[%emt 00:02:03]} Bc5
{[%clk 00:03:37]} {[%emt 00:00:12]} 33. Kf1 {[%clk 00:05:40]} {[%emt 00:00:13]}
f5 {[%clk 00:02:50]} {[%emt 00:01:16]} 34. Ke2 {[%clk 00:05:42]} {[%emt
00:00:28]} Kg7 {[%clk 00:03:08]} {[%emt 00:00:11]} 35. Rb3 {[%clk 00:05:51]}
{[%emt 00:00:23]} Kf6 {[%clk 00:02:46]} {[%emt 00:00:52]} 36. Rh3 {[%clk
00:05:42]} {[%emt 00:00:40]} Rb7 {[%clk 00:02:44]} {[%emt 00:00:30]} 37. Rb3
{[%clk 00:06:01]} {[%emt 00:00:12]} e4 {[%clk 00:01:26]} {[%emt 00:01:48]} 38.
Rb2 {[%clk 00:01:25]} {[%emt 00:05:06]} Rb8 {[%clk 00:01:29]} {[%emt 00:00:27]}
39. Rb3 {[%clk 00:00:52]} {[%emt 00:01:04]} Rb7 {[%clk 00:01:22]} {[%emt
00:00:36]} 40. Rb2 {[%clk 00:00:57]} {[%emt 00:00:26]} Rb6 {[%clk 00:01:41]}
{[%emt 00:00:10]} 41. Rb1 {[%clk 00:17:00]} {[%emt 00:14:27]} f4 {[%clk
00:29:02]} {[%emt 00:03:08]} 42. f3 {[%clk 00:17:04]} {[%emt 00:00:28]} e3
{[%clk 00:24:13]} {[%emt 00:05:18]} 43. Rd1 {[%clk 00:15:08]} {[%emt 00:02:26]}
Rb8 {[%clk 00:23:59]} {[%emt 00:00:42]} 44. Rb1 {[%clk 00:14:57]} {[%emt
00:00:42]} g5 {[%clk 00:22:11]} {[%emt 00:02:19]} 45. h3 {[%clk 00:14:19]}
{[%emt 00:01:10]} h5 {[%clk 00:18:49]} {[%emt 00:03:51]} 46. Rb2 {[%clk
00:12:21]} {[%emt 00:02:27]} Rb7 {[%clk 00:19:03]} {[%emt 00:00:15]} 47. Rb1
{[%clk 00:11:48]} {[%emt 00:01:05]} Kf5 {[%clk 00:17:14]} {[%emt 00:02:18]} 48.
Rh1 {[%clk 00:11:36]} {[%emt 00:00:42]} Kf6 {[%clk 00:16:39]} {[%emt 00:01:05]}
49. h4 {[%clk 00:05:49]} {[%emt 00:06:18]} g4 {[%clk 00:11:28]} {[%emt
00:05:41]} 50. fxg4 {[%clk 00:06:04]} {[%emt 00:00:16]} hxg4 {[%clk 00:11:53]}
{[%emt 00:00:04]} 51. h5 {[%clk 00:06:05]} {[%emt 00:00:29]} Kg5 {[%clk
00:11:25]} {[%emt 00:00:57]} 52. h6 {[%clk 00:06:20]} {[%emt 00:00:16]} Rh7
{[%clk 00:11:00]} {[%emt 00:00:54]} 53. Ba6 {[%clk 00:04:53]} {[%emt 00:01:57]}
Rxh6 {[%clk 00:10:03]} {[%emt 00:01:28]} 54. Rxh6 {[%clk 00:05:14]} {[%emt
00:00:08]} Kxh6 {[%clk 00:10:32]} {[%emt 00:00:02]} 55. Bc8 {[%clk 00:05:35]}
{[%emt 00:00:09]} *